=LDR 00000nam 2200000 4500 =001 000766 =005 20250712014409 =035 ##$$a 0010-0725000634 =007 ta =008 250712################a##########0#ind## =020 ##$$a 978-623-472-060-0 =082 ##$$a 398.209 598 =084 ##$$a 398.209 598 DAD k =100 #$$a Dadachanji, Rustom =245 1#$$a Kaki yang Mana? /$c Rustom Dadachanji =250 ##$$a Cetakan Pertama =260 ##$$a Jakarta :$b Badan Pengembangan dan Pembinaan Bahasa,$c 2024 =300 ##$$a 20 hlm. : $b ilus. ; $c 22,9 cm =650 #4$$a Cerita Anak Indonesia-Terjemahan =650 #4$$a Literasi-Bahan Bacaan =856 ##$$a TBM As Suhada =990 ##$$a TBM202400711